| 000 | 00557nam a2200193Ia 4500 | ||
|---|---|---|---|
| 001 | 5445 | ||
| 003 | GE_BSU | ||
| 008 | 181216s||||||||xx |||||||||||||| ||und|| | ||
| 040 | _cGE_BSU | ||
| 080 | _a512.53+519.17 | ||
| 245 | _aПолные полугруппы бинарных отношений. | ||
| 245 | _cРед. Р.Ш. Оманаадзе. | ||
| 260 | _aБатуми | ||
| 260 | _bАджара | ||
| 260 | _c2000 | ||
| 300 | _a177с. 22см | ||
| 653 | _aПолные полугруппы бинарных отношений | ||
| 942 | _cBK | ||
| 999 |
_c38983 _d38983 |
||